| 000 | 00521nam a22001817a 4500 | ||
|---|---|---|---|
| 003 | CEME | ||
| 005 | 20210628203204.0 | ||
| 008 | 210122b xxu||||| |||| 00| 0 eng d | ||
| 020 | _a0-13-221736-8 | ||
| 040 | _c. | ||
| 082 | _a512.1 SUL | ||
| 100 |
_aSullivan Michael, Sullivan, Michael-Iii _963855 |
||
| 245 | _aPrecalculus, concepts through functions - a unit circle approach to trignometry | ||
| 260 |
_aNEW JERSEY _bPRENTICE HALL _c2007 |
||
| 300 | _aXXIV, 1210P | ||
| 650 |
_aCALCULUS _922353 |
||
| 942 |
_cBK _2ddc |
||
| 999 |
_c572555 _d572555 |
||